| 000 | 00512nam a2200169Ia 4500 | ||
|---|---|---|---|
| 008 | 230917s9999||||xx |||||||||||||| ||und|| | ||
| 020 | _cGBP44.99 | ||
| 040 |
_e237018 _aMAIN |
||
| 041 | _aEnglish | ||
| 082 | _a410 G286H | ||
| 100 | _aGenetti, Carol, ed. | ||
| 245 | 0 | _aHow languages work: An introduction to language and linguistics | |
| 260 |
_aNew York _bCambridge University Press _c2014 |
||
| 300 | _axxv, 647 p. | ||
| 500 | _a2539 10/01/2017 HBD17/6786 11/01/2017 Main Budget Periodicals | ||
| 942 | _cBK | ||
| 999 |
_c20599 _d20599 |
||